000 01198nam a2200265Ia 4500
003 GCL
008 140319s9999 xx 000 0 ara d
020 _a8287281977
040 _aGCL /
_cGCL
082 0 4 _aق
_b962.066
_bهـ م
100 1 _aهدى جمال عبدالناصر
245 1 0 _aالمجموعة الكاملة لخطب وتصريحات الرئيس جمال عبدالناصر - المجلد الثانى : فى الفترة من 1967 إلى 1970 /
_cهدى جمال عبدالناصر
250 _aالاولى
260 _aالقاهرة :
_bالمكتبة الاكاديمية ،
_c2006
300 _a673+26ص:
_bصور ؛
_c24سم
650 0 4 _aالقضية الفلسطينية
650 0 4 _aحرب يونيو 1967 - مصر
650 0 4 _aمصر - تاريخ - العصر الحديث - جمال عبدالناصر ( 1954-1970 )
650 0 4 _aجمال عبدالناصر - الخطب
650 0 4 _aمجلس الامة
650 0 4 _aمصر - رؤساء الجمهورية
650 0 4 _aمصر - تاريخ - العصر الحديث - ثورة 23 يوليو 1952
650 0 4 _aمصر - الاصلاح الزراعى - جمال عبدالناصر
942 _2ddc
_cBK
999 _c9844
_d9844